| Tag |
First Indicator |
Second Indicator |
Subfields |
| LEADER |
00000cam a2200000 a 4500 |
| 001 |
in00000069932 |
| 005 |
20151008055921.0 |
| 008 |
790910s1977 ilub b 00010 engm |
| 010 |
|
|
|a 79115770
|
| 020 |
|
|
|c $7.00
|
| 035 |
|
|
|a (OCoLC)05566619
|
| 035 |
|
|
|9 AAJ4715AM
|
| 040 |
|
|
|a DLC
|c DLC
|d m.c.
|d TXA
|d UtOrBLW
|
| 049 |
|
|
|a TXAM
|c [1502416]
|
| 050 |
0 |
0 |
|a PC615
|b .D8
|
| 082 |
0 |
|
|a 459/.09
|
| 100 |
1 |
|
|a Du Nay, André.
|
| 245 |
1 |
4 |
|a The early history of the Rumanian language /
|c Andre Du Nay.
|
| 264 |
|
1 |
|a Lake Bluff, Ill. :
|b Jupiter Press,
|c 1977.
|
| 300 |
|
|
|a xi, 275 pages :
|b maps ;
|c 23 cm.
|
| 336 |
|
|
|a text
|b txt
|2 rdacontent
|
| 337 |
|
|
|a unmediated
|b n
|2 rdamedia
|
| 338 |
|
|
|a volume
|b nc
|2 rdacarrier
|
| 490 |
1 |
|
|a Edward Sapir monograph series in language, culture, and cognition ;
|v 3
|
| 504 |
|
|
|a Bibliography: pages 267-275.
|
| 650 |
|
0 |
|a Romanian language
|x History.
|
| 650 |
|
0 |
|a Romanian language
|y To 1500.
|
| 830 |
|
0 |
|a Edward Sapir monograph series in language, culture, and cognition ;
|v 3.
|
| 999 |
|
|
|a MARS
|
| 999 |
f |
f |
|s 56a516b6-8ce3-3d88-bd87-b62f3743b061
|i b3cba405-b964-3e53-92fb-eb3c7f5e1dd2
|t 0
|
| 952 |
f |
f |
|p normal
|a Texas A&M University
|b College Station
|c Sterling C. Evans Library
|d Evans: Library Stacks
|t 0
|e PC615 .D8
|h Library of Congress classification
|i unmediated -- volume
|m A14806174074
|
| 998 |
f |
f |
|a PC615 .D8
|t 0
|l Evans: Library Stacks
|